Rozdelenie zisku, jeho účtovanie a zdanenie v spoločnosti s ručením obmedzeným
Rozdelenie zisku v spoločnosti s ručením obmedzeným. Prídely do jednotlivých fondov. Účtovanie rozdelenia hospodárskeho výsledku v spoločnosti s r.o. Zdaňovanie príjmov z rozdelenia zisku v spoločnosti s r.o. Príjem konateľa - spoločníka spoločnosti s r.o. Príklady.
Gespeichert in:
| 1. Verfasser: | |
|---|---|
| Format: | Buchkapitel |
| Sprache: | Slowakisch |
| Schlagworte: | |
| Tags: |
Keine Tags, Fügen Sie das erste Tag hinzu!
|
MARC
| LEADER | 00000naa a2200000 4500 | ||
|---|---|---|---|
| 001 | r048663 | ||
| 005 | 20230925124746.4 | ||
| 041 | 0 | |a slo | |
| 044 | |a SK | ||
| 245 | 1 | 0 | |a Rozdelenie zisku, jeho účtovanie a zdanenie v spoločnosti s ručením obmedzeným |c Ján Kollár |
| 520 | |a Rozdelenie zisku v spoločnosti s ručením obmedzeným. Prídely do jednotlivých fondov. Účtovanie rozdelenia hospodárskeho výsledku v spoločnosti s r.o. Zdaňovanie príjmov z rozdelenia zisku v spoločnosti s r.o. Príjem konateľa - spoločníka spoločnosti s r.o. Príklady. | ||
| 610 | 2 | 0 | |a rozdeľovanie zisku |
| 610 | 2 | 0 | |a spoločnosti s r.o. |
| 610 | 2 | 0 | |a účtovanie |
| 610 | 2 | 0 | |a výsledok hospodársky |
| 610 | 2 | 0 | |a zdaňovanie |
| 610 | 2 | 0 | |a spoločníci |
| 610 | 2 | 0 | |a konatelia |
| 610 | 2 | 0 | |a príjmy |
| 100 | 1 | |a Kollár, Ján | |